| 000 | 00520nam a22001937a 4500 | ||
|---|---|---|---|
| 003 | MPLRDC | ||
| 005 | 20220105061117.0 | ||
| 008 | 210129b ||||| |||| 00| 0 eng d | ||
| 020 | _aISSN1201-0677 | ||
| 082 | _a541.262 WHZG v.77 | ||
| 100 | _a梁燕城 总编辑 | ||
| 245 |
_a文化中国 V.77 _c |
||
| 250 | _a初版 | ||
| 260 |
_a加拿大 _bCULTURE REGENERATION RESEARCH SOCIETY (CRRS) _c2013 |
||
| 300 | _b平 | ||
| 520 | _a上架 2017-07-01。 | ||
| 650 | _a中国文化论 | ||
| 942 |
_cBK _o541.262 WHZG v.77 |
||
| 999 |
_c68946 _d68936 |
||